Curso de estadística descriptiva (Registro nro. 1299)

Detalles MARC
000 -LEADER
fixed length control field 01243 a2200205 4500
001 - CONTROL NUMBER
control field 25188
005 - DATE AND TIME OF LATEST TRANSACTION
control field 20260407155535.0
008 - FIXED-LENGTH DATA ELEMENTS--GENERAL INFORMATION
fixed length control field 260407a1970 arg spa d
003 - CONTROL NUMBER IDENTIFIER
control field AR-UNSa-BCEJYS
040 ## - CATALOGING SOURCE
Original cataloging agency AR-UNSa-BCEJYS
Language of cataloging spa
Transcribing agency AR-UNSa-BCEJYS
080 ## - UNIVERSAL DECIMAL CLASSIFICATION NUMBER
Universal Decimal Classification number 519.22
Common auxiliary subdivision Teoría estadística. Modelos estadísticos. Estadística matemática en general<br/>
100 1# - MAIN ENTRY--PERSONAL NAME
Personal name Calot, Gérard
245 10 - TITLE STATEMENT
Title Curso de estadística descriptiva
264 #1 - PRODUCTION, PUBLICATION, DISTRIBUTION, MANUFACTURE, AND COPYRIGHT NOTICE
Place of production, publication, distribution, manufacture Madrid :
Name of producer, publisher, distributor, manufacturer Paraninfo
Date of production, publication, distribution, manufacture, or copyright notice 1970
300 ## - PHYSICAL DESCRIPTION
Extent 563 p.
Dimensions 22 cm.
505 ## - FORMATTED CONTENTS NOTE
Formatted contents note 1. La estadística descriptiva.Generalidades - 2. Distribuciones estadística de un caracter.Tablas estdísticas.Representación gráfica - 3. Descripción numerica de una varible estadística.Cracteristicas de posicion,dispersión y concentración - 4. Distribuciones teóricas de una varibale - 5. Distribuciones estadísticas de dos caracteres.Tablas estdísticas.Representación grafíca - 6.Descripción numérica de las series estadísticas de dos caracteres cuantitativos (variables estadisticas bidimensionales)- 7. Series cronológicas.presetanción - 8. Análisis de serie cronológicas - 9. Números indices.
590 ## - LOCAL NOTE (RLIN)
Local note niveau_biblio:m niveau_hierar:0
700 1# - ADDED ENTRY--PERSONAL NAME
Personal name Cano Sevilla, Francisco José
942 ## - ADDED ENTRY ELEMENTS (KOHA)
Koha item type
Existencias
Withdrawn status Lost status Damaged status Not for loan Home library Current library Shelving location Date acquired Total checkouts Full call number Barcode Date last seen Price effective from Koha item type
        Biblioteca Prof. Eusebio Cleto del Rey Biblioteca Prof. Eusebio Cleto del Rey   07/04/2026   519.22 C165 L23426 07/04/2026 07/04/2026 Libro
        Biblioteca Prof. Eusebio Cleto del Rey Biblioteca Prof. Eusebio Cleto del Rey   07/04/2026   519.22 C165 L23427 07/04/2026 07/04/2026 Libro